书目信息 |
| 书名: | Twentieth century physics | |
| 作者: | Joseph Norwood, Jr. | |
| 分册号: | ||
| 分册名: | 出版地: | Englewood Cliffs, N.J. : |
|
| 出版社: | Prentice-Hall | |
| 出版时间: | c1976. | |
| 页数: | ix, 405 p. : | |
| 开本: | 24 cm. | |
| 丛书名: | ||
| 中图分类号: | ||
| 科图分类号: | ||
| 其他分类号: | O4 | |
| 主题词: | ||
| 电子资源: | ||
| 000 | 00815nam 2200265 a 4500 | |
| 001 | E0731793246 | |
| 005 | 20070506085116.03 | |
| 008 | 00110 eng | |
| 008 | uu | |
| 010 | @a74034313 | |
| 020 | @a0-13-935155-8 :@cCNY2.30. | |
| 049 | @aN5LA | |
| 050 | 0 | @aQC21.2 @b.N67 |
| 082 | @a539 | |
| 090 | @aO4:H31 | |
| 090 | @aO4 | |
| 099 | @dO4@ex8 | |
| 100 | 10 | @aNorwood, Joseph, @cJr. |
| 245 | 10 | @aTwentieth century physics / @cJoseph Norwood, Jr. |
| 260 | 0 | @aEnglewood Cliffs, N.J. :@bPrentice-Hall,@cc1976. |
| 300 | @aix, 405 p. :@bill. ;@c24 cm. | |
| 490 | 0 | @aPrentice-Hall physics series |
| 504 | @aIncludes bibliographies and index. | |
| 650 | 0 | @aPhysics. @b00 @c20020930 @lNLC09 @h2247 @b00 @c20021019 @lNLC09 @h1900 @lNLC09 @h2308 @lNLC09 @h1900 |
| 852 | 9 | @bWWJC @cJ08S @k2 @hO4-1 @iNJ |
| Twentieth century physics / / Joseph Norwood, Jr.-Englewood Cliffs, N.J. : : Prentice-Hall, , c1976. |
| ix, 405 p. : : ill. ; ; 24 cm.- (Prentice-Hall physics series ) |
| Includes bibliographies and index. |
| ISBN 0-13-935155-8 :CNY2.30. |
| ● |
| 相关链接 |
|
|
|
|
正题名:Twentieth century physics
索取号:O4/x8
 
预约/预借
| 序号 | 登录号 | 条形码 | 馆藏地/架位号 | 状态 | 备注 |
| 1 | 182249 | 000451184 | 第二样本阅览室/ [索取号:O4/x8] | 在馆 |